000 00313nam a22001337a 4500
008 170926b xxu||||| |||| 00| 0 eng d
020 _a9790534626104
041 _aeng
080 _a37
100 _a46
101 _aEDU
245 _aTHE RESARCH PROCESS IN THE HUMAN SERVICES
_cALEXANDER,L.B
942 _2udc
_cBK
999 _c29979
_d29979